| 000 | 01256nam a2200325Ia 4500 | ||
|---|---|---|---|
| 001 | ebr10346711 | ||
| 003 | CaPaEBR | ||
| 006 | m u | ||
| 007 | cr cn||||||||| | ||
| 008 | 100120s2009 ne a sb 001 0 eng d | ||
| 020 | _z9789089641397 | ||
| 020 | _z9089641394 | ||
| 040 |
_aCaPaEBR _cCaPaEBR |
||
| 035 | _a(OCoLC)477274090 | ||
| 050 | 1 | 4 |
_aPN1993.4 _b.F38 2009eb |
| 100 | 1 | _aFossati, Giovanna. | |
| 245 | 1 | 0 |
_aFrom grain to pixel _h[electronic resource] : _bthe archival life of film in transition / _c]Giovanna Fossati]. |
| 260 |
_a[Amsterdam] : _bAmsterdam University Press, _cc2009. |
||
| 300 |
_a320 p. : _bill. |
||
| 490 | 1 | _aFraming film | |
| 504 | _aIncludes bibliographical references (p. 297-310) and index. | ||
| 533 |
_aElectronic reproduction. _bPalo Alto, Calif. : _cebrary, _d2011. _nAvailable via World Wide Web. _nAccess may be limited to ebrary affiliated libraries. |
||
| 650 | 0 | _aFilm archives. | |
| 650 | 0 | _aDigital preservation. | |
| 650 | 0 |
_aMotion picture film _xPreservation. |
|
| 655 | 7 |
_aElectronic books. _2local |
|
| 710 | 2 | _aebrary, Inc. | |
| 830 | 0 | _aFraming film. | |
| 856 | 4 | 0 |
_uhttp://site.ebrary.com/lib/rucke/Doc?id=10346711 _zAn electronic book accessible through the World Wide Web; click to view |
| 999 |
_c32350 _d32350 |
||